|
|
|
|
| LEADER |
01017nam a2200337 4500 |
| 001 |
DLU090093566 |
| 005 |
##20091201 |
| 040 |
# |
# |
|a DLU
|b eng
|
| 041 |
# |
# |
|a eng
|
| 044 |
# |
# |
|a us
|
| 245 |
# |
# |
|a Oxidation of pharmaceuticals during ozonation and advanced oxidation processes /
|c Marc M. Huber ... [et al.].
|
| 653 |
# |
# |
|a Chemical degradation
|
| 653 |
# |
# |
|a Chemical reaction kinetics
|
| 653 |
# |
# |
|a Drinking water treatment
|
| 653 |
# |
# |
|a Micropollutant
|
| 653 |
# |
# |
|a Oxidation
|
| 653 |
# |
# |
|a Ozonization
|
| 700 |
# |
# |
|a Canonica, Silvio.
|
| 700 |
# |
# |
|a Gunten, Urs von.
|
| 700 |
# |
# |
|a Huber, Marc M.
|
| 700 |
# |
# |
|a Park, Gun-Young.
|
| 773 |
# |
# |
|t Environmental Science & Technology
|g Vol. 37, no. 5 (March 2003), p. 1016-1024
|
| 920 |
# |
# |
|a Phòng Tạp chí -- Trung tâm Thông tin - Thư viện Trường Đại học Đà Lạt
|
| 994 |
# |
# |
|a DLU
|
| 900 |
# |
# |
|a True
|
| 911 |
# |
# |
|a Trương Bảo Trâm Anh
|
| 925 |
# |
# |
|a G
|
| 926 |
# |
# |
|a A
|
| 927 |
# |
# |
|a BB
|
| 980 |
# |
# |
|a Thư viện Trường Đại học Đà Lạt
|